<?xml version="1.0" encoding="UTF-8"?>
<marc:record xmlns:marc="http://www.loc.gov/MARC21/slim">
   <marc:leader>00000nam a2200000 a 4500</marc:leader>
   <marc:datafield ind1="1" ind2=" " tag="100">
      <marc:subfield code="a">Casalis, Anna</marc:subfield>
      <marc:subfield code="4">aut</marc:subfield>
      <marc:subfield code="e">Verfasser/-in</marc:subfield>
   </marc:datafield>
   <marc:datafield ind1="0" ind2="0" tag="245">
      <marc:subfield code="a">Leo Lausemaus trödelt mal wieder</marc:subfield>
   </marc:datafield>
   <marc:datafield ind1=" " ind2="1" tag="264">
      <marc:subfield code="b">Lingen</marc:subfield>
      <marc:subfield code="c">2022</marc:subfield>
   </marc:datafield>
   <marc:datafield ind1="1" ind2=" " tag="520">
      <marc:subfield code="a">Heute trödelt Leo Lausemaus ganz schön viel. Alle müssen auf ihn warten: Mama, die Kindergärtnerin und auch seine Freunde. Schon am Morgen will Leo Lausemaus nicht aufstehen und kommt nur sehr langsam aus dem Bett. Dabei macht er heute einen Ausflug mit dem Kindergarten zum Abenteuerspielzeug und darf nicht zu spät kommen. Dann lässt er sich aber schon wieder von seinem Spielzeug ablenken und als er mit Mama endlich auf dem Weg zum Kindergarten ist, gibt es so viele tolle Sachen zu entdecken, die Leo die Zeit ganz vergessen lassen. Schafft es Leo Lausemaus noch pünktlich in den Kindergarten, oder vertrödelt er die Zeit so sehr, dass er es nicht mit auf den Ausflug schafft?</marc:subfield>
   </marc:datafield>
   <marc:datafield ind1=" " ind2=" " tag="020">
      <marc:subfield code="a">9783938323946</marc:subfield>
      <marc:subfield code="9">9783938323946</marc:subfield>
   </marc:datafield>
</marc:record>
